000 00586nam a2200205 a 4500
001 9848
003 CO-ViMGA
008 141112s2004 ck r 000 u spa d
040 _aCO-ViMGA
_bspa
_cCO-ViMGA
082 0 4 _a863.3 C37h
100 1 _aCarlos,
_911759
245 1 0 _aHistorias Peregrinas
260 _aSantafé de Bogotá :
_bAcademia Colombiana de Historia,
_c1999
650 1 4 _a1585 - 1638
_911760
650 1 4 _aCRITICA E NTERPRETACI_N
_911761
650 1 4 _aNOVELA ESPAÑOLA
_9488
650 1 4 _aNOVELA HISTORICA
_92116
650 1 4 _aNOVELA PSICOLOGIA
_911762
942 _2ddc
_cBK
999 _c21230
_d21230